000
00347nam a2200145Ia 4500
008
220803s9999 xx 000 0 und d
020
_a
9788120727229
041
_a
eng
082
_a
823 KHE
100
_a
Khera S
_9
17337
245
_a
Winning Strategies.
260
_b
Sterling Publishers
300
_a
47p
650
_a
English Literature
_9
17338
999
_c
12251
_d
12251